Statistics for I'm Forever Blowing Bubbles Lyrics Quiz

Click here to take the quiz!

General Stats

  • This quiz has been taken 54 times
  • The average score is 34 of 40

Answer Stats

Lyrics% Correct
bubbles
100%
bubbles
100%
bubbles
100%
bubbles
100%
blowing
98%
blowing
98%
forever
98%
forever
98%
I'm
98%
I'm
98%
the
98%
the
98%
the
98%
air
96%
air
96%
in
96%
in
96%
and
93%
pretty
91%
pretty
91%
sky
87%
so
87%
fly
84%
high
84%
they
84%
They
84%
like
76%
die
73%
dreams
73%
reach
73%
always
71%
my
71%
fade
69%
Fortune's
69%
everywhere
67%
hiding
62%
i've
62%
looked
62%
nearly
51%
Then
42%

Score Distribution

Percentile by Number Answered

Percent of People with Each Score

Your Score History

You have not taken this quiz